| 000 | 00403 a2200157 4500 | ||
|---|---|---|---|
| 020 | _a969519074X | ||
| 082 | _a291.175 | ||
| 090 |
_c5975 _d5975 |
||
| 100 | _aPeters,Ted. | ||
| 245 |
_aGod,Life and The Cosmos. _cTed Peters, Muzaffar Iqbal & S.Nomanul Haq. |
||
| 250 | _a1st. | ||
| 260 |
_aLahore. _bSuhail Academy. _c2004. |
||
| 300 | _a404p. | ||
| 500 | _aHardcover | ||
| 942 |
_aNBS _cBK _k291.175 PET |
||
| 999 |
_c348364 _d348364 |
||